000 00415nam a22001457a 4500
999 _c514040
_d514040
008 201003b ||||| |||| 00| 0 eng d
100 _aBarua, Shrabana.
_918828
245 _aRealism on the capitalist platter: analysing continuity and change
260 _aMainstream
300 _a58(9), 15 Feb,2020: p. 13-16
650 _aRealism
_918154
773 _aMainstream
906 _aCAPITALISM
942 _cAR